Statistics for The Wicked + The Divine

Click here to take the quiz!

General Stats

  • This quiz has been taken 12 times
  • The average score is 11 of 15

Answer Stats

Answer% Correct
Baal
100%
Lucifer
82%
Woden
82%
Amaterasu
73%
Dionysus
73%
Minerva
73%
Nergal
73%
Persephone
73%
Sakhmet
73%
Tara
73%
The Morrigan
73%
Urdr
73%
Ananke
64%
Inanna
64%
Mimir
64%

Score Distribution

Percentile by Number Answered

Percent of People with Each Score

Your Score History

You have not taken this quiz